<?xml version="1.0" encoding="UTF-8"?>
<record
    xmlns:xsi="http://www.w3.org/2001/XMLSchema-instance"
    xsi:schemaLocation="http://www.loc.gov/MARC21/slim http://www.loc.gov/standards/marcxml/schema/MARC21slim.xsd"
    xmlns="http://www.loc.gov/MARC21/slim">

  <leader>01008nam a2200253 a 4500</leader>
  <controlfield tag="001">78998</controlfield>
  <controlfield tag="003">BD-RjUL</controlfield>
  <controlfield tag="005">20211215103752.0</controlfield>
  <controlfield tag="008">211214s1946    ua            000 0 ara d</controlfield>
  <datafield tag="035" ind1=" " ind2=" ">
    <subfield code="a">(BD-RjUL)78998</subfield>
  </datafield>
  <datafield tag="040" ind1=" " ind2=" ">
    <subfield code="a">HUJI</subfield>
    <subfield code="b">ara</subfield>
    <subfield code="c">BD-RjUL</subfield>
  </datafield>
  <datafield tag="041" ind1="0" ind2=" ">
    <subfield code="a">ara</subfield>
  </datafield>
  <datafield tag="082" ind1=" " ind2=" ">
    <subfield code="2">23</subfield>
    <subfield code="a">297.4</subfield>
    <subfield code="b">BAS 1946</subfield>
  </datafield>
  <datafield tag="100" ind1="1" ind2=" ">
    <subfield code="a">&#x628;&#x62F;&#x648;&#x64A;&#x60C; &#x639;&#x628;&#x62F; &#x627;&#x644;&#x631;&#x62D;&#x645;&#x646; ;; Badawi, Abdul Rahman </subfield>
    <subfield code="9">187</subfield>
  </datafield>
  <datafield tag="245" ind1="1" ind2="0">
    <subfield code="a">&#x634;&#x62E;&#x635;&#x64A;&#x627;&#x62A; &#x642;&#x644;&#x642;&#x629; &#x641;&#x64A; &#x627;&#x644;&#x627;&#x633;&#x644;&#x627;&#x645; ;; shakhsiaat qaliqat fi al Islam/</subfield>
    <subfield code="c">&#x62F;&#x631;&#x627;&#x633;&#x627;&#x62A; &#x627;&#x644;&#x641; &#x628;&#x64A;&#x646;&#x647;&#x627; &#x648;&#x62A;&#x631;&#x62C;&#x645;&#x647;&#x627; &#x639;&#x628;&#x62F; &#x627;&#x644;&#x631;&#x62D;&#x645;&#x646; &#x628;&#x62F;&#x648;&#x64A; ;; dirasat alf baynaha watarjamaha eabd alrahman biduay..</subfield>
  </datafield>
  <datafield tag="260" ind1=" " ind2=" ">
    <subfield code="a">&#x627;&#x644;&#x642;&#x627;&#x647;&#x631;&#x629; :</subfield>
    <subfield code="b">maktabat alnahdat almisriati,;; &#x645;&#x643;&#x62A;&#x628;&#x629; &#x627;&#x644;&#x646;&#x647;&#x636;&#x629; &#x627;&#x644;&#x645;&#x635;&#x631;&#x64A;&#x629;,</subfield>
    <subfield code="c">&#x661;&#x669;&#x664;&#x666;.;; 1946. </subfield>
  </datafield>
  <datafield tag="300" ind1=" " ind2=" ">
    <subfield code="a">&#x661;&#x666;&#x663; &#x635; :163 ;</subfield>
    <subfield code="b">&#x662;&#x664; &#x633;&#x645;.</subfield>
  </datafield>
  <datafield tag="490" ind1="1" ind2=" ">
    <subfield code="a">dirasat aslamiat ;; &#x62F;&#x631;&#x627;&#x633;&#x627;&#x62A; &#x627;&#x633;&#x644;&#x627;&#x645;&#x64A;&#x629; &#x61B;</subfield>
    <subfield code="v">&#x663;</subfield>
  </datafield>
  <datafield tag="650" ind1=" " ind2="4">
    <subfield code="a">Islam</subfield>
    <subfield code="9">188</subfield>
  </datafield>
  <datafield tag="650" ind1=" " ind2="4">
    <subfield code="a">Sufism</subfield>
    <subfield code="9">176</subfield>
  </datafield>
  <datafield tag="830" ind1=" " ind2="0">
    <subfield code="a">&#x62F;&#x631;&#x627;&#x633;&#x627;&#x62A; &#x627;&#x633;&#x644;&#x627;&#x645;&#x64A;&#x629; &#x61B;</subfield>
    <subfield code="v">&#x663;.</subfield>
    <subfield code="9">189</subfield>
  </datafield>
  <datafield tag="942" ind1=" " ind2=" ">
    <subfield code="2">ddc</subfield>
    <subfield code="c">BK</subfield>
  </datafield>
  <datafield tag="990" ind1=" " ind2=" ">
    <subfield code="a">universities</subfield>
  </datafield>
  <datafield tag="999" ind1=" " ind2=" ">
    <subfield code="c">78998</subfield>
    <subfield code="d">78998</subfield>
  </datafield>
  <datafield tag="952" ind1=" " ind2=" ">
    <subfield code="0">0</subfield>
    <subfield code="1">0</subfield>
    <subfield code="2">ddc</subfield>
    <subfield code="4">0</subfield>
    <subfield code="7">1</subfield>
    <subfield code="8">NFIC</subfield>
    <subfield code="a">RUCL</subfield>
    <subfield code="b">RUCL</subfield>
    <subfield code="c">Reading</subfield>
    <subfield code="d">1968-09-16</subfield>
    <subfield code="e">zeitlinger</subfield>
    <subfield code="g">41.00</subfield>
    <subfield code="l">0</subfield>
    <subfield code="o">A 297.4 BAS 1946</subfield>
    <subfield code="r">2021-12-15 00:00:00</subfield>
    <subfield code="t">C-1</subfield>
    <subfield code="w">2021-12-15</subfield>
    <subfield code="y">BK</subfield>
  </datafield>
</record>
